[Event "Moscow Open 2016 A"]
[Site "?"]
[Date "2016.02.01"]
[Round "3.9"]
[White "Martinez, Ramirez Lennis"]
[Black "Timofeev, Artyom"]
[Result "0-1"]
[BlackElo "2570"]
[WhiteElo "2410"]
[LiveChessVersion "1.4.7"]

1. d4 {[%clk 1:31:00]} Nf6 {[%clk 1:28:36]} 2. c4 {[%clk 1:30:50]} g6
{[%clk 1:28:59]} 3. f3 {[%clk 1:31:15]} d5 {[%clk 1:28:37]} 4. cxd5
{[%clk 1:31:26]} Nxd5 {[%clk 1:29:01]} 5. e4 {[%clk 1:31:50]} Nb6
{[%clk 1:29:23]} 6. Nc3 {[%clk 1:32:15]} Bg7 {[%clk 1:29:39]} 7. Be3
{[%clk 1:32:41]} O-O {[%clk 1:29:32]} 8. Qd2 {[%clk 1:31:09]} Nc6
{[%clk 1:29:44]} 9. O-O-O {[%clk 1:27:22]} Qd6 {[%clk 1:29:06]} 10. Kb1
{[%clk 1:25:15]} Rd8 {[%clk 1:25:07]} 11. Nb5 {[%clk 1:10:09]} Qd7
{[%clk 1:24:56]} 12. d5 {[%clk 1:10:35]} a6 {[%clk 1:22:30]} 13. dxc6
{[%clk 1:07:27]} Qxd2 {[%clk 1:22:45]} 14. Rxd2 {[%clk 1:07:56]} Rxd2
{[%clk 1:23:00]} 15. Bxd2 {[%clk 1:08:12]} axb5 {[%clk 1:23:21]} 16. Bxb5
{[%clk 1:08:19]} bxc6 {[%clk 1:15:58]} 17. Bxc6 {[%clk 1:08:38]} Rb8
{[%clk 1:16:22]} 18. Bb5 {[%clk 0:29:03]} Nd7 {[%clk 1:09:20]} 19. Bc4
{[%clk 0:23:12]} Rxb2+ {[%clk 1:03:56]} 20. Kc1 {[%clk 0:23:41]} Nb6
{[%clk 1:04:14]} 21. Bb3 {[%clk 0:24:02]} Ba6 {[%clk 0:56:56]} 22. Ne2
{[%clk 0:17:28]} Bxe2 {[%clk 0:55:34]} 23. e5 {[%clk 0:17:34]} Bxe5
{[%clk 0:55:14]} 24. Re1 {[%clk 0:17:59]} Bd3 {[%clk 0:55:33]} 0-1

[Event "Moscow Open 2016 A"]
[Site "?"]
[Date "2016.02.01"]
[Round "3.10"]
[White "Korchmar, Vasiliy"]
[Black "Alekseenko, Kirill"]
[Result "1-0"]
[BlackElo "2560"]
[WhiteElo "2405"]
[LiveChessVersion "1.4.7"]

1. d4 {[%clk 1:30:56]} Nf6 {[%clk 1:30:02]} 2. c4 {[%clk 1:31:08]} e6
{[%clk 1:29:59]} 3. g3 {[%clk 1:31:01]} c5 {[%clk 1:29:42]} 4. d5
{[%clk 1:31:10]} exd5 {[%clk 1:29:29]} 5. cxd5 {[%clk 1:31:32]} d6
{[%clk 1:29:35]} 6. Nc3 {[%clk 1:31:54]} g6 {[%clk 1:29:26]} 7. Nf3
{[%clk 1:32:14]} Bg7 {[%clk 1:29:34]} 8. Bg2 {[%clk 1:32:35]} O-O
{[%clk 1:29:26]} 9. O-O {[%clk 1:32:57]} a6 {[%clk 1:28:18]} 10. a4
{[%clk 1:33:17]} Nbd7 {[%clk 1:28:20]} 11. Bf4 {[%clk 1:33:35]} Qe7
{[%clk 1:28:08]} 12. Rb1 {[%clk 1:33:08]} Ng4 {[%clk 1:28:21]} 13. Bg5
{[%clk 1:33:27]} f6 {[%clk 1:28:36]} 14. Bd2 {[%clk 1:33:48]} Re8
{[%clk 1:25:25]} 15. a5 {[%clk 1:27:55]} Nde5 {[%clk 1:02:35]} 16. b4
{[%clk 1:16:29]} cxb4 {[%clk 0:50:12]} 17. Rxb4 {[%clk 1:16:52]} Nxf3+
{[%clk 0:50:17]} 18. exf3 {[%clk 1:16:11]} Ne5 {[%clk 0:48:52]} 19. f4
{[%clk 1:01:56]} Nf7 {[%clk 0:48:54]} 20. Re1 {[%clk 0:52:15]} Qd8
{[%clk 0:49:07]} 21. Rxe8+ {[%clk 0:52:34]} Qxe8 {[%clk 0:49:34]} 22. Na4
{[%clk 0:47:18]} Rb8 {[%clk 0:49:45]} 23. Nb6 {[%clk 0:44:40]} Bf5
{[%clk 0:47:45]} 24. Be3 {[%clk 0:39:25]} g5 {[%clk 0:47:03]} 25. Bf3
{[%clk 0:23:23]} gxf4 {[%clk 0:45:37]} 26. Rxf4 {[%clk 0:23:15]} Bg6
{[%clk 0:45:18]} 27. Bg4 {[%clk 0:17:51]} Ne5 {[%clk 0:41:02]} 28. Be6+
{[%clk 0:18:16]} Kh8 {[%clk 0:41:28]} 29. Rh4 {[%clk 0:17:42]} Nf7
{[%clk 0:29:35]} 30. Bd4 {[%clk 0:14:03]} Ng5 {[%clk 0:11:58]} 31. Bd7
{[%clk 0:14:27]} Qe7 {[%clk 0:00:45]} 32. f4 {[%clk 0:14:52]} Bc2
{[%clk 0:00:46]} 33. Qxc2 {[%clk 0:12:18]} Nf3+ {[%clk 0:01:12]} 34. Kf2
{[%clk 0:12:30]} Nxh4 {[%clk 0:01:36]} 35. gxh4 {[%clk 0:12:56]} f5
{[%clk 0:02:00]} 36. Bxg7+ {[%clk 0:12:44]} Qxg7 {[%clk 0:02:29]} 37. Bc8
{[%clk 0:12:00]} Qd4+ {[%clk 0:01:34]} 38. Kf3 {[%clk 0:12:12]} Qa1
{[%clk 0:01:37]} 39. Qxf5 {[%clk 0:06:35]} Qd1+ {[%clk 0:00:33]} 40. Kg3
{[%clk 0:36:23]} Qg1+ {[%clk 0:30:35]} 41. Kh3 {[%clk 0:36:34]} Qf1+
{[%clk 0:22:23]} 42. Kg4 {[%clk 0:35:48]} Qg2+ {[%clk 0:22:00]} 43. Kh5
{[%clk 0:36:14]} Qg7 {[%clk 0:20:27]} 44. Qe6 {[%clk 0:32:44]} Qf8
{[%clk 0:19:44]} 45. f5 {[%clk 0:32:57]} 1-0

[Event "Moscow Open 2016 A"]
[Site "?"]
[Date "2016.02.01"]
[Round "3.11"]
[White "Savitskiy, Sergey"]
[Black "Bernadskiy, Vitaliy"]
[Result "0-1"]
[BlackElo "2546"]
[WhiteElo "2405"]
[LiveChessVersion "1.4.7"]

1. e4 {[%clk 1:30:56]} c5 {[%clk 1:30:56]} 2. Nf3 {[%clk 1:31:18]} d6
{[%clk 1:31:21]} 3. d4 {[%clk 1:31:43]} cxd4 {[%clk 1:31:48]} 4. Qxd4
{[%clk 1:32:09]} Nc6 {[%clk 1:32:07]} 5. Bb5 {[%clk 1:32:34]} Nf6
{[%clk 1:31:53]} 6. Bxc6+ {[%clk 1:32:48]} bxc6 {[%clk 1:32:17]} 7. c4
{[%clk 1:33:14]} Bg4 {[%clk 1:29:24]} 8. Nbd2 {[%clk 1:26:43]} e5
{[%clk 1:27:20]} 9. Qd3 {[%clk 1:27:00]} Nd7 {[%clk 1:27:41]} 10. O-O
{[%clk 1:25:16]} Nc5 {[%clk 1:27:48]} 11. Qc3 {[%clk 1:23:59]} Be7
{[%clk 1:27:05]} 12. h3 {[%clk 1:23:37]} Bh5 {[%clk 1:26:50]} 13. b4
{[%clk 1:20:56]} Ne6 {[%clk 1:27:06]} 14. c5 {[%clk 1:06:44]} dxc5
{[%clk 1:20:01]} 15. Nxe5 {[%clk 1:05:43]} Nd4 {[%clk 1:18:48]} 16. Re1
{[%clk 1:02:25]} cxb4 {[%clk 1:12:55]} 17. Qc4 {[%clk 1:02:14]} Qd6
{[%clk 0:49:59]} 18. Bb2 {[%clk 1:01:38]} f6 {[%clk 0:44:40]} 19. Qxd4
{[%clk 0:57:00]} Qxd4 {[%clk 0:43:11]} 20. Bxd4 {[%clk 0:57:23]} c5
{[%clk 0:35:12]} 21. Nc6 {[%clk 0:56:52]} cxd4 {[%clk 0:35:23]} 22. e5
{[%clk 0:57:17]} f5 {[%clk 0:26:09]} 23. Nxd4 {[%clk 0:56:44]} O-O
{[%clk 0:25:56]} 24. Nc6 {[%clk 0:56:43]} Bg5 {[%clk 0:22:36]} 25. Nb3
{[%clk 0:55:04]} a5 {[%clk 0:18:54]} 26. Ncxa5 {[%clk 0:38:25]} Rfc8
{[%clk 0:19:03]} 27. Nb7 {[%clk 0:32:23]} Rc2 {[%clk 0:16:55]} 28. Nd6
{[%clk 0:32:33]} Raxa2 {[%clk 0:14:21]} 29. Rxa2 {[%clk 0:32:42]} Rxa2
{[%clk 0:14:48]} 30. Nxf5 {[%clk 0:33:03]} Re2 {[%clk 0:11:51]} 31. Rxe2
{[%clk 0:32:50]} Bxe2 {[%clk 0:12:16]} 32. Nfd4 {[%clk 0:15:10]} Bc4
{[%clk 0:12:36]} 33. g3 {[%clk 0:14:28]} Bd8 {[%clk 0:12:49]} 34. Nd2
{[%clk 0:13:58]} Bd5 {[%clk 0:12:44]} 35. N4b3 {[%clk 0:12:58]} Bb6
{[%clk 0:12:25]} 36. Kf1 {[%clk 0:13:08]} g5 {[%clk 0:12:03]} 37. Ke2
{[%clk 0:09:14]} Kf7 {[%clk 0:12:21]} 38. f4 {[%clk 0:08:54]} gxf4
{[%clk 0:12:40]} 39. gxf4 {[%clk 0:09:21]} Kg6 {[%clk 0:11:55]} 40. Kd3
{[%clk 0:39:25]} Kf5 {[%clk 0:39:48]} 41. Nc4 {[%clk 0:39:39]} Bf2
{[%clk 0:38:58]} 0-1

[Event "Moscow Open 2016 A"]
[Site "?"]
[Date "2016.02.01"]
[Round "3.12"]
[White "Alikulov, Elbek"]
[Black "Ivanov, Oleg V"]
[Result "0-1"]
[BlackElo "2519"]
[WhiteElo "2365"]
[LiveChessVersion "1.4.7"]

1. e4 {[%clk 1:30:37]} c5 {[%clk 1:30:50]} 2. Nf3 {[%clk 1:30:44]} Nc6
{[%clk 1:31:10]} 3. d4 {[%clk 1:31:05]} cxd4 {[%clk 1:31:36]} 4. Nxd4
{[%clk 1:31:25]} Nf6 {[%clk 1:31:51]} 5. Nc3 {[%clk 1:31:44]} d6 {[%clk 1:32:11]}
6. Bc4 {[%clk 1:31:58]} Qb6 {[%clk 1:31:39]} 7. Nb3 {[%clk 1:32:18]} e6
{[%clk 1:31:56]} 8. O-O {[%clk 1:32:36]} Be7 {[%clk 1:32:12]} 9. Be3
{[%clk 1:32:47]} Qc7 {[%clk 1:32:15]} 10. Bd3 {[%clk 1:33:10]} O-O
{[%clk 1:31:16]} 11. f4 {[%clk 1:33:25]} a6 {[%clk 1:29:55]} 12. Qf3
{[%clk 1:33:49]} b5 {[%clk 1:24:43]} 13. a4 {[%clk 1:33:33]} b4 {[%clk 1:18:24]}
14. Ne2 {[%clk 1:33:54]} e5 {[%clk 1:14:54]} 15. f5 {[%clk 1:34:06]} Na5
{[%clk 1:11:35]} 16. Bg5 {[%clk 1:15:43]} Nc4 {[%clk 1:06:18]} 17. Ng3
{[%clk 0:53:53]} Nxb2 {[%clk 1:02:36]} 18. Bxf6 {[%clk 0:51:05]} Bxf6
{[%clk 1:01:05]} 19. Nh5 {[%clk 0:51:08]} Kh8 {[%clk 0:45:19]} 20. Nxf6
{[%clk 0:33:27]} gxf6 {[%clk 0:45:34]} 21. Qh3 {[%clk 0:29:57]} Rg8
{[%clk 0:35:06]} 22. Qh6 {[%clk 0:28:45]} Qe7 {[%clk 0:33:14]} 23. Rf3
{[%clk 0:25:02]} Bd7 {[%clk 0:28:37]} 24. Rh3 {[%clk 0:18:24]} Rg7
{[%clk 0:28:58]} 25. Nd2 {[%clk 0:18:41]} Bxa4 {[%clk 0:23:37]} 26. Nf1
{[%clk 0:13:37]} Nxd3 {[%clk 0:18:44]} 27. cxd3 {[%clk 0:13:55]} Bc2
{[%clk 0:18:35]} 28. Ng3 {[%clk 0:12:02]} Qf8 {[%clk 0:04:12]} 29. Qxf6
{[%clk 0:09:54]} Qd8 {[%clk 0:04:03]} 30. Qh6 {[%clk 0:08:10]} Qg5
{[%clk 0:03:20]} 31. Qxd6 {[%clk 0:06:19]} Qe3+ {[%clk 0:03:20]} 32. Kh1
{[%clk 0:06:41]} Qd4 {[%clk 0:03:09]} 33. Qxd4 {[%clk 0:05:34]} exd4
{[%clk 0:03:36]} 34. Rh6 {[%clk 0:04:18]} b3 {[%clk 0:02:54]} 35. Rb6
{[%clk 0:04:35]} Rgg8 {[%clk 0:02:46]} 36. f6 {[%clk 0:00:38]} Rab8
{[%clk 0:02:36]} 37. Raxa6 {[%clk 0:00:36]} b2 {[%clk 0:02:44]} 38. Rxb2
{[%clk 0:00:37]} Rxb2 {[%clk 0:03:00]} 39. Kg1 {[%clk 0:00:41]} Bxd3
{[%clk 0:02:53]} 40. Rd6 {[%clk 0:30:43]} Ra8 {[%clk 0:31:28]} 41. h4
{[%clk 0:31:11]} Rg8 {[%clk 0:30:17]} 42. Kh2 {[%clk 0:31:40]} Bf1
{[%clk 0:29:25]} 43. Nxf1 {[%clk 0:31:59]} Rbxg2+ {[%clk 0:29:46]} 44. Kh3
{[%clk 0:32:22]} Rg1 {[%clk 0:22:47]} 0-1

[Event "Moscow Open 2016 A"]
[Site "?"]
[Date "2016.02.01"]
[Round "3.13"]
[White "Gordievsky, Dmitry"]
[Black "Vokhidov, Shamsiddin"]
[Result "1/2-1/2"]
[BlackElo "2352"]
[WhiteElo "2506"]
[LiveChessVersion "1.4.7"]

1. d4 {[%clk 1:30:56]} Nf6 {[%clk 1:30:55]} 2. c4 {[%clk 1:31:22]} e6
{[%clk 1:31:21]} 3. Nc3 {[%clk 1:31:48]} Bb4 {[%clk 1:31:45]} 4. Nf3
{[%clk 1:32:14]} b6 {[%clk 1:32:02]} 5. Bd2 {[%clk 1:28:24]} Bb7 {[%clk 1:31:20]}
6. g3 {[%clk 1:28:33]} O-O {[%clk 1:30:29]} 7. Bg2 {[%clk 1:27:49]} Bxc3
{[%clk 1:28:02]} 8. Bxc3 {[%clk 1:27:42]} d6 {[%clk 1:28:09]} 9. O-O
{[%clk 1:25:34]} a5 {[%clk 1:27:47]} 10. Re1 {[%clk 1:15:53]} Ne4
{[%clk 1:23:13]} 11. Qc2 {[%clk 1:14:59]} Nxc3 {[%clk 1:22:57]} 12. Qxc3
{[%clk 1:15:19]} Nd7 {[%clk 1:20:41]} 13. e4 {[%clk 1:13:53]} Qe7
{[%clk 1:21:06]} 14. Nh4 {[%clk 1:05:54]} e5 {[%clk 1:16:34]} 15. Nf5
{[%clk 1:04:18]} Qf6 {[%clk 1:16:58]} 16. f4 {[%clk 0:58:25]} exd4
{[%clk 1:13:06]} 17. Nxd4 {[%clk 0:56:44]} Rad8 {[%clk 1:12:57]} 18. Rad1
{[%clk 0:51:36]} Nc5 {[%clk 1:11:14]} 19. Qc2 {[%clk 0:44:26]} Rfe8
{[%clk 1:02:33]} 20. Nb5 {[%clk 0:44:13]} Qe7 {[%clk 1:02:58]} 21. e5
{[%clk 0:32:00]} Bxg2 {[%clk 1:03:17]} 22. Kxg2 {[%clk 0:31:49]} dxe5
{[%clk 1:03:22]} 23. Rxe5 {[%clk 0:30:24]} Ne6 {[%clk 1:03:35]} 24. Rde1
{[%clk 0:10:01]} c6 {[%clk 0:53:55]} 25. Nc3 {[%clk 0:10:04]} Qd7
{[%clk 0:51:14]} 26. Qf2 {[%clk 0:06:30]} f6 {[%clk 0:48:22]} 27. R5e2
{[%clk 0:06:09]} Nc5 {[%clk 0:48:51]} 28. Qf3 {[%clk 0:04:55]} Rxe2+
{[%clk 0:48:57]} 29. Rxe2 {[%clk 0:04:20]} Re8 {[%clk 0:48:15]} 30. Rxe8+
{[%clk 0:04:10]} Qxe8 {[%clk 0:48:43]} 31. f5 {[%clk 0:04:03]} Qd7
{[%clk 0:48:19]} 32. Qe3 {[%clk 0:01:56]} Kf7 {[%clk 0:48:27]} 33. g4
{[%clk 0:01:55]} h5 {[%clk 0:47:32]} 34. h3 {[%clk 0:01:58]} h4 {[%clk 0:46:43]}
35. b3 {[%clk 0:01:36]} Qd6 {[%clk 0:46:01]} 36. Ne2 {[%clk 0:01:04]} Qd1
{[%clk 0:40:24]} 37. Nd4 {[%clk 0:00:44]} Qa1 {[%clk 0:39:58]} 38. Nxc6
{[%clk 0:00:33]} Qxa2+ {[%clk 0:40:08]} 39. Kh1 {[%clk 0:00:43]} Qb1+
{[%clk 0:40:16]} 40. Kg2 {[%clk 0:30:42]} Qc2+ {[%clk 1:10:40]} 41. Kg1
{[%clk 0:29:20]} Qb1+ {[%clk 1:00:47]} 42. Kg2 {[%clk 0:28:41]} Qc2+
{[%clk 1:00:12]} 43. Kg1 {[%clk 0:29:00]} Qb1+ {[%clk 1:00:19]} 1/2-1/2

[Event "Moscow Open 2016 A"]
[Site "?"]
[Date "2016.02.01"]
[Round "3.14"]
[White "Natacheev, Peter"]
[Black "Golubov, Saveliy"]
[Result "1-0"]
[BlackElo "2469"]
[WhiteElo "2341"]
[LiveChessVersion "1.4.7"]

1. d4 {[%clk 1:30:52]} Nf6 {[%clk 1:30:52]} 2. c4 {[%clk 1:30:18]} g6
{[%clk 1:31:13]} 3. Nc3 {[%clk 1:29:30]} Bg7 {[%clk 1:31:35]} 4. Nf3
{[%clk 1:28:21]} O-O {[%clk 1:31:56]} 5. g3 {[%clk 1:28:14]} d6 {[%clk 1:32:19]}
6. Bg2 {[%clk 1:28:40]} Nc6 {[%clk 1:32:41]} 7. O-O {[%clk 1:28:19]} Bd7
{[%clk 1:33:04]} 8. e4 {[%clk 1:24:31]} Bg4 {[%clk 1:33:06]} 9. Be3
{[%clk 1:17:52]} Nd7 {[%clk 1:33:22]} 10. Qd2 {[%clk 1:08:06]} Na5
{[%clk 1:02:10]} 11. b3 {[%clk 1:06:39]} c5 {[%clk 1:02:39]} 12. dxc5
{[%clk 1:02:47]} dxc5 {[%clk 1:02:02]} 13. Rad1 {[%clk 0:50:17]} Nc6
{[%clk 0:57:24]} 14. h3 {[%clk 0:47:35]} Bxf3 {[%clk 0:57:24]} 15. Bxf3
{[%clk 0:48:34]} Bd4 {[%clk 0:47:41]} 16. Bg2 {[%clk 0:47:49]} Qc8
{[%clk 0:38:34]} 17. f4 {[%clk 0:44:29]} Rd8 {[%clk 0:36:46]} 18. e5
{[%clk 0:40:06]} Nf8 {[%clk 0:36:32]} 19. Nd5 {[%clk 0:35:52]} Kh8
{[%clk 0:30:00]} 20. Bxd4 {[%clk 0:34:47]} cxd4 {[%clk 0:30:04]} 21. Qe2
{[%clk 0:33:10]} Nd7 {[%clk 0:18:50]} 22. e6 {[%clk 0:26:22]} fxe6
{[%clk 0:18:59]} 23. Qxe6 {[%clk 0:26:45]} Nc5 {[%clk 0:19:05]} 24. Qe2
{[%clk 0:26:52]} e6 {[%clk 0:17:45]} 25. Nf6 {[%clk 0:26:40]} Qc7
{[%clk 0:15:22]} 26. Rfe1 {[%clk 0:25:19]} d3 {[%clk 0:13:25]} 27. Qb2
{[%clk 0:17:26]} Qg7 {[%clk 0:13:54]} 28. Bxc6 {[%clk 0:16:36]} bxc6
{[%clk 0:14:20]} 29. Qe5 {[%clk 0:16:59]} d2 {[%clk 0:13:34]} 30. Re2
{[%clk 0:17:12]} Nd3 {[%clk 0:12:57]} 31. Qxe6 {[%clk 0:16:38]} Rf8
{[%clk 0:10:52]} 32. Ng4 {[%clk 0:13:22]} Nc1 {[%clk 0:03:08]} 33. Rexd2
{[%clk 0:11:00]} Rae8 {[%clk 0:03:38]} 34. Qxc6 {[%clk 0:10:43]} Ne2+
{[%clk 0:03:52]} 35. Kh2 {[%clk 0:10:51]} h5 {[%clk 0:04:01]} 36. Qg2
{[%clk 0:03:12]} Nc3 {[%clk 0:03:45]} 37. Rd7 {[%clk 0:03:40]} Rf7
{[%clk 0:04:01]} 38. Ne5 {[%clk 0:04:06]} Rxe5 {[%clk 0:03:59]} 39. Rd8+
{[%clk 0:34:35]} Kh7 {[%clk 0:33:16]} 40. fxe5 {[%clk 0:35:04]} Nxd1
{[%clk 0:33:24]} 41. Rxd1 {[%clk 0:35:32]} Qxe5 {[%clk 0:30:54]} 42. h4
{[%clk 0:34:50]} Qe3 {[%clk 0:31:02]} 43. Rd2 {[%clk 0:34:06]} a5
{[%clk 0:31:16]} 44. Re2 {[%clk 0:33:39]} Qc5 {[%clk 0:31:40]} 45. Qg1
{[%clk 0:33:53]} Qa3 {[%clk 0:31:55]} 46. c5 {[%clk 0:30:18]} a4 {[%clk 0:32:06]}
47. Qe3 {[%clk 0:30:05]} axb3 {[%clk 0:32:15]} 48. axb3 {[%clk 0:30:30]} Rb7
{[%clk 0:32:30]} 49. Qc3 {[%clk 0:28:23]} Rc7 {[%clk 0:32:28]} 50. Rc2
{[%clk 0:28:41]} Rb7 {[%clk 0:32:51]} 51. b4 {[%clk 0:28:02]} Qxb4 52. Qxb4
{[%clk 0:28:29]} Rxb4 {[%clk 0:33:32]} 53. c6 {[%clk 0:28:52]} Rb8
{[%clk 0:33:58]} 54. c7 {[%clk 0:29:19]} Rc8 {[%clk 0:34:26]} 55. Kg2
{[%clk 0:29:45]} Kg7 {[%clk 0:34:50]} 56. Kf3 {[%clk 0:29:58]} Kf6
{[%clk 0:35:16]} 57. Kf4 {[%clk 0:30:24]} 1-0

[Event "Moscow Open 2016 A"]
[Site "?"]
[Date "2016.02.01"]
[Round "3.15"]
[White "Elistratov, Semen"]
[Black "Andreev, Eduard"]
[Result "1-0"]
[BlackElo "2458"]
[WhiteElo "2277"]
[LiveChessVersion "1.4.7"]

1. e4 {[%clk 1:30:59]} c5 {[%clk 1:30:42]} 2. Nf3 {[%clk 1:30:58]} d6
{[%clk 1:30:59]} 3. d4 {[%clk 1:31:24]} cxd4 {[%clk 1:31:24]} 4. Nxd4
{[%clk 1:31:51]} Nf6 {[%clk 1:31:47]} 5. Nc3 {[%clk 1:32:10]} a6 {[%clk 1:32:00]}
6. h3 {[%clk 1:31:50]} e6 {[%clk 1:31:51]} 7. g4 {[%clk 1:31:34]} h6
{[%clk 1:31:51]} 8. Bg2 {[%clk 1:30:47]} Nc6 {[%clk 1:31:45]} 9. Be3
{[%clk 1:30:40]} Ne5 {[%clk 1:28:56]} 10. Qe2 {[%clk 1:15:15]} g5
{[%clk 1:28:19]} 11. O-O-O {[%clk 1:12:19]} Bd7 {[%clk 1:27:58]} 12. f4
{[%clk 1:09:14]} gxf4 {[%clk 1:26:15]} 13. Bxf4 {[%clk 1:09:33]} Rc8
{[%clk 1:25:40]} 14. Rhf1 {[%clk 1:05:28]} Be7 {[%clk 1:17:44]} 15. Nf3
{[%clk 0:57:57]} Qc7 {[%clk 1:02:22]} 16. Nxe5 {[%clk 0:52:22]} dxe5
{[%clk 1:02:45]} 17. Be3 {[%clk 0:51:44]} b5 {[%clk 0:57:47]} 18. a3
{[%clk 0:39:28]} Qb7 {[%clk 0:41:01]} 19. g5 {[%clk 0:35:05]} hxg5
{[%clk 0:35:01]} 20. Bxg5 {[%clk 0:35:06]} Nh5 {[%clk 0:32:17]} 21. Bxe7
{[%clk 0:32:34]} Kxe7 {[%clk 0:32:43]} 22. Qd2 {[%clk 0:30:26]} f6
{[%clk 0:33:07]} 23. Bf3 {[%clk 0:29:01]} Nf4 {[%clk 0:30:52]} 24. Qd6+
{[%clk 0:27:11]} Ke8 {[%clk 0:26:35]} 25. Rg1 {[%clk 0:26:28]} Qc7
{[%clk 0:15:18]} 26. Qd2 {[%clk 0:15:07]} Bc6 {[%clk 0:14:46]} 27. Ne2
{[%clk 0:12:08]} Kf7 {[%clk 0:04:53]} 28. Nxf4 {[%clk 0:11:29]} exf4
{[%clk 0:05:22]} 29. Qe2 {[%clk 0:09:16]} Qe5 {[%clk 0:05:11]} 30. Rg4
{[%clk 0:07:19]} Rcg8 {[%clk 0:04:11]} 31. Rxg8 {[%clk 0:05:39]} Rxg8
{[%clk 0:04:36]} 32. Qf2 {[%clk 0:04:58]} Rg3 {[%clk 0:03:01]} 33. Qa7+
{[%clk 0:03:34]} Kg6 {[%clk 0:00:51]} 34. Rd8 {[%clk 0:02:05]} f5
{[%clk 0:01:11]} 35. exf5+ {[%clk 0:01:50]} Kh6 {[%clk 0:01:21]} 36. Bxc6
{[%clk 0:01:13]} f3 {[%clk 0:01:25]} 37. Qf2 {[%clk 0:00:56]} Qf4+
{[%clk 0:00:33]} 38. Kb1 {[%clk 0:00:57]} e5 {[%clk 0:00:35]} 39. Rd6+
{[%clk 0:00:59]} Kg7 {[%clk 0:00:34]} 40. f6+ {[%clk 0:30:38]} 1-0

[Event "Moscow Open 2016 A"]
[Site "?"]
[Date "2016.02.01"]
[Round "3.16"]
[White "Turov, Maxim"]
[Black "Yandemirov, Valeri"]
[Result "1/2-1/2"]
[BlackElo "2386"]
[WhiteElo "2610"]
[LiveChessVersion "1.4.7"]

1. d4 {[%clk 1:30:58]} Nf6 {[%clk 1:30:55]} 2. c4 {[%clk 1:31:25]} g6
{[%clk 1:31:22]} 3. Nc3 {[%clk 1:31:51]} d5 {[%clk 1:31:48]} 4. cxd5
{[%clk 1:32:18]} Nxd5 {[%clk 1:32:15]} 5. e4 {[%clk 1:32:37]} Nxc3
{[%clk 1:32:40]} 6. bxc3 {[%clk 1:33:01]} Bg7 {[%clk 1:33:07]} 7. Bc4
{[%clk 1:32:51]} O-O {[%clk 1:31:07]} 8. Ne2 {[%clk 1:33:15]} c5 {[%clk 1:28:43]}
9. O-O {[%clk 1:33:35]} Nc6 {[%clk 1:29:08]} 10. Be3 {[%clk 1:33:55]} Na5
{[%clk 1:29:25]} 11. Bd3 {[%clk 1:34:02]} b6 {[%clk 1:29:17]} 12. Qd2
{[%clk 1:33:47]} e5 {[%clk 1:26:12]} 13. Bh6 {[%clk 1:33:31]} Bxh6
{[%clk 1:04:14]} 14. Qxh6 {[%clk 1:30:04]} cxd4 {[%clk 1:03:15]} 15. cxd4
{[%clk 1:30:26]} exd4 {[%clk 1:03:41]} 16. f4 {[%clk 1:30:00]} f5
{[%clk 1:03:43]} 17. Rad1 {[%clk 1:24:17]} Qe7 {[%clk 1:00:01]} 18. Ng3
{[%clk 1:17:26]} fxe4 {[%clk 0:56:51]} 19. Bxe4 {[%clk 1:17:39]} Bb7
{[%clk 0:57:16]} 20. Bxb7 {[%clk 1:13:51]} Nxb7 {[%clk 0:57:42]} 21. Rfe1
{[%clk 1:06:03]} Qf6 {[%clk 0:53:43]} 22. Ne4 {[%clk 1:03:32]} Qg7
{[%clk 0:49:23]} 23. Qxg7+ {[%clk 1:03:01]} Kxg7 {[%clk 0:49:48]} 24. Rxd4
{[%clk 1:02:22]} Rad8 {[%clk 0:33:11]} 25. Rxd8 {[%clk 1:02:14]} Rxd8
{[%clk 0:33:36]} 26. Rc1 {[%clk 1:01:41]} Nc5 {[%clk 0:30:04]} 27. Nxc5
{[%clk 1:02:02]} bxc5 {[%clk 0:30:29]} 28. Rxc5 {[%clk 1:02:28]} Rd1+
{[%clk 0:30:56]} 29. Kf2 {[%clk 1:02:53]} Rd2+ {[%clk 0:31:23]} 30. Kf3
{[%clk 1:03:17]} Rxa2 {[%clk 0:31:49]} 31. Rc7+ {[%clk 1:03:41]} Kg8
{[%clk 0:32:09]} 32. h3 {[%clk 1:03:53]} h5 {[%clk 0:31:55]} 33. g4
{[%clk 1:03:59]} Ra3+ {[%clk 0:31:43]} 34. Ke4 {[%clk 1:03:18]} Rxh3
{[%clk 0:28:19]} 35. gxh5 {[%clk 1:03:42]} Rxh5 {[%clk 0:28:44]} 36. Rxa7
{[%clk 1:04:08]} Rb5 {[%clk 0:29:06]} 37. Rd7 {[%clk 1:04:30]} Kf8
{[%clk 0:29:32]} 38. Rc7 {[%clk 1:04:38]} Ra5 {[%clk 0:29:56]} 39. Rb7
{[%clk 1:05:03]} Rc5 {[%clk 0:30:23]} 40. Ra7 {[%clk 1:35:28]} Rb5
{[%clk 1:00:49]} 1/2-1/2